<?xml version="1.0" encoding="UTF-8"?>
<collection xmlns="http://www.loc.gov/MARC21/slim">
<record>
  <controlfield tag="001">162961</controlfield>
  <controlfield tag="005">20251017144647.0</controlfield>
  <datafield tag="024" ind1="7" ind2=" ">
    <subfield code="2">doi</subfield>
    <subfield code="a">10.1140/epjs/s11734-025-01913-4</subfield>
  </datafield>
  <datafield tag="024" ind1="8" ind2=" ">
    <subfield code="2">sideral</subfield>
    <subfield code="a">145398</subfield>
  </datafield>
  <datafield tag="037" ind1=" " ind2=" ">
    <subfield code="a">ART-2025-145398</subfield>
  </datafield>
  <datafield tag="041" ind1=" " ind2=" ">
    <subfield code="a">eng</subfield>
  </datafield>
  <datafield tag="100" ind1=" " ind2=" ">
    <subfield code="a">Tresaco, Eva</subfield>
    <subfield code="u">Universidad de Zaragoza</subfield>
    <subfield code="0">(orcid)0000-0003-4859-7224</subfield>
  </datafield>
  <datafield tag="245" ind1=" " ind2=" ">
    <subfield code="a">Orbital dynamics of space debris considering natural perturbations and resonance effects</subfield>
  </datafield>
  <datafield tag="260" ind1=" " ind2=" ">
    <subfield code="c">2025</subfield>
  </datafield>
  <datafield tag="506" ind1="0" ind2=" ">
    <subfield code="a">Access copy available to the general public</subfield>
    <subfield code="f">Unrestricted</subfield>
  </datafield>
  <datafield tag="520" ind1="3" ind2=" ">
    <subfield code="a">In this work, we analyzed the orbital evolution of space debris in low Earth orbits to identify unstable regions that could serve as reentry corridors and stable regions that could be used as graveyard orbits, taking into account the main natural orbital perturbations. An analytical study was conducted to identify resonant regions associated with the oblateness of the Earth and solar radiation pressure, as well as to determine resonant pairs of semimajor axis and inclination. Considering a simplified averaged model of the perturbing potential—which includes the effects of solar radiation pressure, Earth oblateness, and lunisolar perturbations—we numerically integrated the planetary Lagrange equations to analyze the evolution of the resonant orbital parameters obtained analytically. We identified resonance corridors that, combined with the deployment of a solar sail at the end of the mission, amplified the growth of the eccentricity, promoting the reduction of the orbital perigee. The results were presented through dynamic maps, which allowed the identification of stable regions for graveyard orbits and rapid reentry highways.</subfield>
  </datafield>
  <datafield tag="536" ind1=" " ind2=" ">
    <subfield code="9">info:eu-repo/grantAgreement/ES/MICINN/PID2020-117066GB-I00</subfield>
  </datafield>
  <datafield tag="540" ind1=" " ind2=" ">
    <subfield code="9">info:eu-repo/semantics/embargoedAccess</subfield>
    <subfield code="a">All rights reserved</subfield>
    <subfield code="u">http://www.europeana.eu/rights/rr-f/</subfield>
  </datafield>
  <datafield tag="655" ind1=" " ind2="4">
    <subfield code="a">info:eu-repo/semantics/article</subfield>
    <subfield code="v">info:eu-repo/semantics/acceptedVersion</subfield>
  </datafield>
  <datafield tag="700" ind1=" " ind2=" ">
    <subfield code="a">dos Santos Carvalho, Jean Paulo</subfield>
  </datafield>
  <datafield tag="700" ind1=" " ind2=" ">
    <subfield code="a">de Moraes, Rodolpho Vilhena</subfield>
  </datafield>
  <datafield tag="700" ind1=" " ind2=" ">
    <subfield code="a">da Silva Neto, Calisto José</subfield>
  </datafield>
  <datafield tag="710" ind1="2" ind2=" ">
    <subfield code="1">2005</subfield>
    <subfield code="2">595</subfield>
    <subfield code="a">Universidad de Zaragoza</subfield>
    <subfield code="b">Dpto. Matemática Aplicada</subfield>
    <subfield code="c">Área Matemática Aplicada</subfield>
  </datafield>
  <datafield tag="773" ind1=" " ind2=" ">
    <subfield code="g">(2025), [8 pp.]</subfield>
    <subfield code="p">Eur. phys. j., spec. top.</subfield>
    <subfield code="t">European Physical Journal-Special Topics</subfield>
    <subfield code="x">1951-6355</subfield>
  </datafield>
  <datafield tag="856" ind1="4" ind2=" ">
    <subfield code="s">2462151</subfield>
    <subfield code="u">http://zaguan.unizar.es/record/162961/files/texto_completo.pdf</subfield>
    <subfield code="y">Postprint</subfield>
    <subfield code="z">info:eu-repo/date/embargoEnd/2026-09-08</subfield>
  </datafield>
  <datafield tag="856" ind1="4" ind2=" ">
    <subfield code="s">1362590</subfield>
    <subfield code="u">http://zaguan.unizar.es/record/162961/files/texto_completo.jpg?subformat=icon</subfield>
    <subfield code="x">icon</subfield>
    <subfield code="y">Postprint</subfield>
    <subfield code="z">info:eu-repo/date/embargoEnd/2026-09-08</subfield>
  </datafield>
  <datafield tag="909" ind1="C" ind2="O">
    <subfield code="o">oai:zaguan.unizar.es:162961</subfield>
    <subfield code="p">articulos</subfield>
    <subfield code="p">driver</subfield>
  </datafield>
  <datafield tag="951" ind1=" " ind2=" ">
    <subfield code="a">2025-10-17-14:35:02</subfield>
  </datafield>
  <datafield tag="980" ind1=" " ind2=" ">
    <subfield code="a">ARTICLE</subfield>
  </datafield>
</record>
</collection>